Anthology of socio-political issues: (Record no. 1309897)

MARC details
000 -LEADER
fixed length control field 00828nam a22002417a 4500
005 - DATE AND TIME OF LATEST TRANSACTION
control field 20250501170039.0
008 - FIXED-LENGTH DATA ELEMENTS--GENERAL INFORMATION
fixed length control field 250501b |||||||| |||| 00| 0 eng d
020 ## - INTERNATIONAL STANDARD BOOK NUMBER
International Standard Book Number 978-81-269-3835-3 (hbk)
037 ## - SOURCE OF ACQUISITION
Terms of availability TB
040 ## - CATALOGING SOURCE
Original cataloging agency CRL
Transcribing agency CRL
041 ## - LANGUAGE CODE
Source of code eng
Language code of text/sound track or separate title eng
084 ## - COLON CLASSIFICATION NUMBER
Classification number Y0gW R4
Assigning agency CRL
245 ## - TITLE STATEMENT
Title Anthology of socio-political issues:
Remainder of title Some insights on critical thinking
260 ## - PUBLICATION, DISTRIBUTION, ETC.
Place of publication, distribution, etc. New Delhi, India:
Name of publisher, distributor, etc. Atlantic Publishers,
Date of publication, distribution, etc. 2024.
300 ## - PHYSICAL DESCRIPTION
Extent xvii, 302p.
365 ## - TRADE PRICE
Price amount 1195.00
Currency code INR
650 ## - SUBJECT ADDED ENTRY--TOPICAL TERM
Topical term or geographic name entry element Sociology
650 ## - SUBJECT ADDED ENTRY--TOPICAL TERM
Topical term or geographic name entry element Political Science
700 ## - ADDED ENTRY--PERSONAL NAME
Personal name Roy, Ritobrata
Relator term Editor
9 (RLIN) 753676
700 ## - ADDED ENTRY--PERSONAL NAME
Personal name Nandi, Ashis
Relator term Editor
942 ## - ADDED ENTRY ELEMENTS (KOHA)
Source of classification or shelving scheme Colon Classification (CC)
Koha item type Textbook
Classification part Y0gW R4
Suppress in OPAC No
Holdings
Withdrawn status Lost status Source of classification or shelving scheme Damaged status Not for loan Home library Current library Date acquired Source of acquisition Cost, normal purchase price Inventory number Total Checkouts Full call number Barcode Date last seen Price effective from Koha item type
    Colon Classification (CC)     Central Library Central Library 2025-05-01 Excel Book International 1195.00 147 & 2024-12-30   Y0gW R4 CL1682386 2025-05-01 2025-05-01 Textbook
Copyright @ Delhi University Library System